00542nam a2200181Ia 450000500170000000800410001702000150005808200130007310000120008624500360009826000540013430000200018865000110020865000230021994200060024295200970024899900150034520240607041301.0240331s9999 xx 000 0 und d a8176298964 bMISa362 aMisra,P 0aDomestic violence against women aNew DelhibDeep & Deep Publications Pvt.Ltdc2007 axxxviii,606 p., aWomen  aDomestic Violence  cL 001040708LaWERCLbWERCLcSSCd2024-03-31l0o 362.8 MISp6204r2024-03-31w2024-03-31yL c4548d4548